| Tag |
First Indicator |
Second Indicator |
Subfields |
| LEADER |
00000cam a2200000 i 4500 |
| 001 |
in00004804921 |
| 008 |
750514s1974 vaua b f000 0 eng d |
| 005 |
20240807181450.7 |
| 035 |
|
|
|a (OCoLC)ocm01331574
|
| 040 |
|
|
|a OLA
|b eng
|e rda
|c OLA
|d OCL
|d OCLCG
|d OCLCQ
|d OCLCF
|d OCLCQ
|d OCLCO
|d TRAAL
|d OCLCO
|d COD
|d QE2
|d OCLCO
|d OCLCQ
|d OCLCO
|d OCLCL
|
| 019 |
|
|
|a 641141896
|
| 029 |
1 |
|
|a AU@
|b 000004351881
|
| 029 |
1 |
|
|a NLGGC
|b 106994484
|
| 029 |
1 |
|
|a NZ1
|b 3237385
|
| 035 |
|
|
|a (OCoLC)01331574
|z (OCoLC)641141896
|
| 043 |
|
|
|a n-us-ca
|
| 050 |
|
4 |
|a TC203
|b .U5 no.44
|
| 055 |
|
3 |
|a TC205
|b .K76 1974
|
| 086 |
0 |
|
|a D 103.42:44
|
| 049 |
|
|
|a MAIN
|
| 100 |
1 |
|
|a Krumbein, William Christian,
|d 1902-1979.
|1 https://id.oclc.org/worldcat/entity/E39PBJjHfRk6bkCrf3pvchC84q
|0 http://id.loc.gov/authorities/names/n50047937,
|e author
|
| 245 |
1 |
0 |
|a Spatial and temporal variations in geometric and material properties of a natural beach /
|c by William C. Krumbein and William R. James.
|
| 264 |
|
1 |
|a Fort Belvoir, Virginia :
|b U.S. Army, Corps of Engineers Coastal Engineering Research Center,
|c 1974.
|
| 300 |
|
|
|a 79 pages :
|b illustrations ;
|c 26 cm
|
| 336 |
|
|
|a text
|b txt
|2 rdacontent
|
| 337 |
|
|
|a unmediated
|b n
|2 rdamedia
|
| 338 |
|
|
|a volume
|b nc
|2 rdacarrier
|
| 490 |
1 |
|
|a Technical memorandum ;
|v no. 44
|
| 500 |
|
|
|a Work performed under contract at the Dept. of Geological Sciences, Northwestern University, Evanston, Ill.
|
| 583 |
1 |
|
|a will digitize
|c 20140723
|z Queued for digitization January 1, 2016
|2 pda
|5 miu
|
| 500 |
|
|
|a "June 1974."
|
| 504 |
|
|
|a Includes bibliographical references (page 79).
|
| 590 |
|
|
|b TAG Physical Holdings 2
|
| 650 |
|
0 |
|a Beaches
|z California
|z Point Mugu.
|
| 650 |
|
0 |
|a Coast changes.
|0 http://id.loc.gov/authorities/subjects/sh85027423
|
| 650 |
|
0 |
|a Hydraulic engineering.
|0 http://id.loc.gov/authorities/subjects/sh85063305
|
| 650 |
|
6 |
|a Littoral
|x Modifications.
|
| 650 |
|
6 |
|a Technologie hydraulique.
|
| 650 |
|
7 |
|a hydraulic engineering.
|2 aat
|
| 650 |
|
7 |
|a Beaches.
|2 fast
|0 (OCoLC)fst00829107
|
| 650 |
|
7 |
|a Coast changes.
|2 fast
|0 (OCoLC)fst00865699
|
| 650 |
|
7 |
|a Hydraulic engineering.
|2 fast
|0 (OCoLC)fst00964596
|
| 651 |
|
7 |
|a California
|z Point Mugu.
|2 fast
|0 (OCoLC)fst01339271
|1 https://id.oclc.org/worldcat/entity/E39PBJcBY4q7GFVG9k3dBQ3bBP
|
| 700 |
1 |
|
|a James, William R.,
|e author.
|
| 710 |
2 |
|
|a Coastal Engineering Research Center (U.S.)
|0 http://id.loc.gov/authorities/names/n81117290
|
| 730 |
0 |
|
|a Technical Report Archive & Image Library (TRAIL)
|
| 758 |
|
|
|i has work:
|a Spatial and temporal variations in geometric and material properties of a natural beach (Text)
|1 https://id.oclc.org/worldcat/entity/E39PCFFHDkMJyDpGQfTMgTHkwy
|4 https://id.oclc.org/worldcat/ontology/hasWork
|
| 776 |
0 |
8 |
|i Online version:
|a Krumbein, William Christian, 1902-1979.
|t Spatial and temporal variations in geometric and material properties of a natural beach
|w (OCoLC)951588744
|
| 830 |
|
0 |
|a Technical memorandum (Coastal Engineering Research Center (U.S.)) ;
|v 44.
|0 http://id.loc.gov/authorities/names/no00072881
|
| 994 |
|
|
|a 92
|b TAG
|
| 852 |
|
|
|a TAG
|b TAGC
|c galv,stk
|h TC203 .U581 no.44
|t c.1
|
| 876 |
|
|
|p 33620000663803
|v unmediated -- volume
|
| 999 |
f |
f |
|s 9c6a6979-f90a-4b57-8fdc-8986e21dddf9
|i 51afc34d-416d-49c7-8a39-5cf4037408a2
|t 0
|
| 952 |
f |
f |
|p normal
|a Texas A&M University
|b Galveston Campus
|c Jack K. Williams Library
|d Galveston Stacks
|t 0
|e TC203 .U581 no.44
|h Library of Congress classification
|i unmediated -- volume
|m 33620000663803
|
| 998 |
f |
f |
|a TC203 .U581 no.44
|t 0
|l Galveston Stacks
|